Guess anime character by their picture - Statistics

General Stats
  • This quiz has been taken 330 times
  • The average score is 3 of 16
Answer Stats
Picture Answer % Correct
Violet Evergarden
82%
Eustass Kid
55%
Aqua
49%
Bokuto Kotaro
33%
Reigen Arataka
26%
Thorkell
24%
Akeno Himejima
20%
Mayuri Shiina
12%
Kagura
9%
Louis
8%
Rin Nakamura
3%
Eiji
2%
Kanzanki Urumi
2%
Gus Goldman
1%
Tomomi Masaoka
1%
Llyod Apslung
0%
No matching quizzes found
Score Distribution
Percent of People with Each Score
Percentile by Number Answered
Your Score History
You have not taken this quiz